20 największych miast w województwie łódzkim - Statystyki

Ogólne statystyki
  • Ten quiz został rozwiązany 87 razy
  • Średni wynik to 16 z 20
Statystyki odpowiedzi
Liczba ludności Miasto % Poprawnych
658 444 Łódź
100%
61 353 Pabianice
95%
67 264 Piotrków Trybunalski
95%
58 089 Tomaszów Mazowiecki
95%
54 012 Zgierz
93%
45 560 Skierniewice
85%
52 851 Bełchatów
84%
43 417 Radomsko
84%
41 231 Kutno
82%
22 090 Aleksandrów Łódzki
80%
26 247 Łowicz
77%
39 158 Sieradz
77%
19 246 Opoczno
72%
20 826 Wieluń
72%
38 848 Zduńska Wola
72%
16 090 Rawa Mazowiecka
69%
16 191 Łask
67%
19 161 Konstantynów Łódzki
64%
18 259 Ozorków
51%
13 216 Głowno
43%
Nie znaleziono quizów pasujących do podanych kryteriów
Rozkład punktacji
Procent ludzi z każdym wynikiem
Percentyl według liczby udzielonych odpowiedzi
Twoja historia wyników
Nie rozwiązałeś tego quizu